Ética actual y profesional (Registro nro. 2864)
[ vista simple ]
| 000 -CABECERA | |
|---|---|
| campo de control de longitud fija | 00679aam a2200253 4500 |
| 005 - FECHA Y HORA DE ACTUALIZACIÓN | |
| campo de control | 20161116094349.0 |
| 008 - LONGITUD FIJA | |
| campo de control de longitud fija | 150615b xxu||||| |||| 00| 0 spa d |
| 041 ## - IDIOMA | |
| Código de idioma del texto/pista de sonido o título separado | |
| 082 ## - CLASIFICACIÓN DECIMAL DEWEY | |
| Número de clasificación | 174 E84e |
| 245 ## - TÍTULO PROPIAMENTE DICHO | |
| Título | Ética actual y profesional |
| 260 ## - PIE DE IMPRENTA | |
| Lugar de publicación, distribución, etc. | México |
| Nombre del editor, distribuidor, etc. | Learning |
| Fecha de publicación, distribución, etc. | 2006 |
| 300 ## - DESCRIPCIÓN FÍSICA | |
| Extensión | 460 páginas |
| 650 ## - Materia General | |
| Materia general | ÉTICA |
| 650 ## - Materia General | |
| Materia general | ÉTICA CONTEMPORÁNEA |
| 650 ## - Materia General | |
| Materia general | DESARROLLO MORAL |
| 650 ## - Materia General | |
| Materia general | DERECHOS HUMANOS |
| 650 ## - Materia General | |
| Materia general | CULTURA |
| 650 ## - Materia General | |
| Materia general | CORRUPCIÓN |
| 650 ## - Materia General | |
| Materia general | BIOÉTICA |
| 650 ## - Materia General | |
| Materia general | ÉTICA PROFESIONAL |
| 650 ## - Materia General | |
| Materia general | VALORES ETICOS |
| 650 ## - Materia General | |
| Materia general | ÉTICA INTERNA |
| 942 ## - Punto de Acceso Adicional Koha | |
| Tipo de ítem Koha | Libro |
| Estado perdido | Estado dañado | No para préstamo | Biblioteca permanente | Biblioteca actual | Signatura completa | Código de barras | Precio efectivo a partir del | Tipo de ítem |
|---|---|---|---|---|---|---|---|---|
| Departamento de Biblioteca y Documentación Alfonso Chase Brenes | Departamento de Biblioteca y Documentación Alfonso Chase Brenes | 174 E84e | 16224 | 08/08/2016 | Libro | |||
| Departamento de Biblioteca y Documentación Alfonso Chase Brenes | Departamento de Biblioteca y Documentación Alfonso Chase Brenes | 174 E84e | 16223 | 03/02/2017 | Libro |